Countries: Longest Perimeter Quiz Stats

 Plays Quiz Updated Aug 10, 2018

Challenge
Share
Tweet
Embed
Score 0/30 Timer 05:00
11 Plays Today
Country % Correct
3Russia
99.2%
2United States
98.8%
1Canada
98.5%
8China
97.3%
10Brazil
96.1%
6Australia
94.2%
16Mexico
92%
13India
91.8%
19Argentina
90.4%
5Chile
88.9%
20United Kingdom
82.5%
14Japan
80.3%
30France
78.3%
4Indonesia
77.6%
15Sweden
75.8%
Country % Correct
9Denmark (incl. Greenland)
74.8%
7Norway
74.1%
12Finland
72%
22New Zealand
68.3%
29Malaysia
61%
23Greece
57.3%
21Kazakhstan
56.9%
11Philippines
54.6%
26Thailand
48.6%
28Colombia
48.2%
24Vietnam
46.6%
17Myanmar
44.6%
18Papua New Guinea
38.2%
27South Korea
34.7%
25Cuba
31.2%

You're not logged in!

Compare scores with friends on all Sporcle quizzes.
OR
Log In

You Might Also Like...

Show Comments

Extras

Top Quizzes Today


Score Distribution

Your Account Isn't Verified!

In order to create a playlist on Sporcle, you need to verify the email address you used during registration. Go to your Sporcle Settings to finish the process.

Report this User

Report this user for behavior that violates our Community Guidelines.

Details: